00877 a2200229 4500010001400000020002300014020001800037035001300055082001100068090001500079100002100094245014000115260004100255300003500296500005000331650003600381650003700417700001700454942002600471999001500497952013500512 aENG-86175 a0761935355c480.00 a9780761935353 aEN-6970814a553.79 c4244d42441 aDinesh Kumar, M.1 aGroundwater management in Indiabphysical, institutional and policy alternativescM. Dinesh Kumar ; with contributions from O.P. Singh. aNew DelhibSage Publications,c2007. a354 p. :bill. ;c22 cm. (Pbk) aIncludes bibliographical references and index 0aGroundwaterzIndiaxManagement. 0aWater quality managementzIndia.1 aSingh, O. P. adplcENk553.79 / DIN c4161d4161 00102ddc40718NFICaDBADbDBADeDBAD/PUBg480.00l0o553.79 DINpEN-69708r2008-09-15 00:00:00t1u4408v480.00w2008-09-15yEN